| 000 | 01543cam a22004217a 4500 | ||
|---|---|---|---|
| 001 | 535 | ||
| 005 | 20260106075006.0 | ||
| 020 | _a9780375841941 | ||
| 020 | _a0375841946 | ||
| 020 | _a9780394800783 | ||
| 040 |
_aDAD _cDAD _dBAKER _dIHI _dBTCTA _dOCLCG _dYDXCP _dXY4 _dOCLCQ _dCQU _dDLC _beng |
||
| 050 | 0 | 0 | _aPZ8.3.G276Ho |
| 082 | 0 | 4 |
_a811 _222 |
| 100 | 1 |
_aGeisel, Theodor Seuss _cDr. _d1904-1991. |
|
| 245 | 1 | 0 |
_aDr. Seuss's Horton hears a Who pop-up! / _cpop-ups by David A. Carter ; [cover design and art adaptation by Jan Gerardi]. |
| 246 | 3 | 0 | _aHorton hears a Who |
| 260 |
_aNew York : _bRandom House, _c1991 |
||
| 300 |
_a34 leaves of plates: _bcolor illustrations ; _c27 cm. |
||
| 500 | _aK | ||
| 500 | _aIncludes five full-page pop-up illustrations, eleven pop-up booklets, movable pieces, etc. | ||
| 520 | _aHorton finds an entire city of Whos on a speck of dust, but, since no one else can see them, no one believes they exist. | ||
| 521 |
_a600
_bLexile |
||
| 521 |
_aK
_bRaz-Plus |
||
| 650 | 0 |
_aElephants _vJuvenile fiction. |
|
| 650 | 1 |
_aPop-up books _vSpecimens. |
|
| 650 | 1 | _aStories in rhyme. | |
| 650 | 1 |
_aElephants _vFiction. |
|
| 650 | 1 | _aPop-up books. | |
| 650 | 1 | _aToy and movable books. | |
| 650 | 7 |
_aElephants _vFiction. _2sears |
|
| 650 | 7 |
_aStories in rhyme. _2sears |
|
| 650 | 7 |
_aFantasy fiction. _2sears |
|
| 650 | 7 |
_aToy and movable books. _2sears |
|
| 700 | 1 |
_aCarter, David A., _eill. |
|
| 700 | 1 |
_aGerardi, Jan, _eill. |
|
| 906 |
_a7 _bcbc _ccopycat _d2 _encip _f20 _gy-gencatlg |
||
| 942 |
_2ddc _cBK _n0 |
||
| 999 |
_c535 _d535 |
||